LEADER 00991nam0-2200325---450- 001 990008674870403321 005 20081112101439.0 010 $a88-13-25292-7 035 $a000867487 035 $aFED01000867487 035 $a(Aleph)000867487FED01 035 $a000867487 100 $a20080618d2004----km-y0itay50------ba 101 0 $aita 102 $aIT 105 $ay-------001yy 200 1 $a<>rapporto di lavoro pubblico$fAngelina-Maria Perrino 210 $aPadova$cCedam$d2004 215 $aXXVII, 780 p.$d25 cm 225 1 $a<>diritto del lavoro nella dottrina e nella giurisprudenza$v14 610 0 $aImpiegati pubblici$aContratti collettivi$aLegislazione 676 $a344.45018904135$v21$zita 700 1$aPerrino,$bAngelina-Maria$0311272 801 0$aIT$bUNINA$gRICA$2UNIMARC 901 $aBK 912 $a990008674870403321 952 $aCollez. 1847 (14)$b43370$fFSPBC 959 $aFSPBC 996 $aRapporto di lavoro pubblico$9717946 997 $aUNINA LEADER 00861nam0-22003011i-450 001 990005292360403321 005 20220823122240.0 035 $a000529236 035 $aFED01000529236 035 $a(Aleph)000529236FED01 100 $a19990604d1969----km-y0itay50------ba 101 0 $ager 105 $aaf---- -001yy 200 1 $aAttische Feste$fLudwig Deubner 210 $aHildesheim$aNew York$cG. Olms$d1969 215 $a269 p., 41 tav. di cui 1 rip.$d25 cm 610 0 $aUsi e costumi$aReligione greca romana 676 $a292$v22$zita 676 $a394.2 700 1$aDeubner,$bLudwig$0194747 801 0$aIT$bUNINA$gRICA$2UNIMARC 901 $aBK 912 $a990005292360403321 952 $aST.REL. 09-C 07$bST.REL. 208$fFLFBC 952 $a292 DEU 1$bANT. G.R. 3714$fFLFBC 959 $aFLFBC 996 $aAttische feste$9285717 997 $aUNINA